[Event "1st 4NCL FIDE Open 2015"]
[Site "Birmingham ENG"]
[Date "2015.01.31"]
[Round "3.8"]
[White "Horton, Andrew P"]
[Black "Wadsworth, Matthew J"]
[Result "1-0"]
[WhiteElo "2151"]
[BlackElo "2064"]
[WhiteFideId "424269"]
[BlackFideId "415804"]
[EventDate "2015.01.30"]

1. Nf3 d5 2. c4 c6 3. g3 Nf6 4. Bg2 Bf5 5. cxd5 cxd5 6. Qb3 Qb6 7. Qxb6 axb6 8.
Nc3 Nc6 9. d3 e6 10. O-O Bc5 11. Bf4 O-O 12. Nb5 Bg4 13. Rfc1 Rfc8 14. a3 Bxf3
15. Bxf3 Nd4 16. Nxd4 Bxd4 17. Rab1 h6 18. Bd2 Rxc1+ 19. Bxc1 Rc8 20. e3 Be5 21.
Bd1 Nd7 22. Kf1 Kf8 23. Ke2 Ke7 24. Bd2 Bd6 25. d4 b5 26. Rc1 Rxc1 27. Bxc1 b4
28. a4 Nb8 29. Kd3 Nc6 30. f3 e5 31. Bb3 Ke6 32. Bxd5+ Kxd5 33. e4+ Ke6 34. d5+
Kd7 35. dxc6+ Kxc6 36. Kc4 h5 37. b3 g6 38. h3 Bc5 39. Bd2 Bf2 40. g4 Kd6 41.
Bxb4+ Ke6 42. Bc5 Bh4 43. Bb6 hxg4 44. hxg4 f5 45. b4 1-0

[Event "1st 4NCL FIDE Open 2015"]
[Site "Birmingham ENG"]
[Date "2015.02.01"]
[Round "4.1"]
[White "Fodor, Tamas Jr."]
[Black "Vakhidov, Jahongir"]
[Result "0-1"]
[WhiteTitle "GM"]
[BlackTitle "GM"]
[WhiteElo "2495"]
[BlackElo "2494"]
[WhiteFideId "723762"]
[BlackFideId "14201801"]
[EventDate "2015.01.30"]

1. d4 d6 2. Nf3 Nf6 3. c4 g6 4. Nc3 Bf5 5. h3 Bg7 6. g4 Bd7 7. e4 O-O 8. Be3 Na6
9. Qd2 c5 10. d5 Qa5 11. Be2 e6 12. Bf4 e5 13. Bg5 Kh8 14. O-O Ng8 15. Nb5 Qb6
16. a4 f6 17. Bh4 Bc8 18. Ne1 Bh6 19. Qc3 Nb4 20. Ng2 a6 21. Na3 f5 22. f3 Bd7
23. Nc2 Rab8 24. Kh2 Nxc2 25. Qxc2 Qc7 26. a5 fxg4 27. fxg4 Rxf1 28. Bxf1 b5 29.
axb6 Qxb6 30. Be1 Nf6 31. Bc3 Rf8 32. Be2 Ne8 33. Qd3 Bc8 34. h4 Bg7 35. g5 h5
36. Qe3 Qb7 37. Qg3 Rf7 38. Kg1 Kg8 39. Ra3 Bf8 40. Bf3 Be7 41. Ne1 Bd7 42. Nd3
Qc8 43. Be2 Bg4 44. Bxg4 hxg4 45. Nf2 Rf3 46. Qg2 Ng7 47. Bd2 Qb7 48. Nxg4 Rxa3
49. bxa3 Qb2 50. Qf2 Qb1+ 51. Qe1 Qb3 52. Qe3 Qd1+ 0-1

[Event "1st 4NCL FIDE Open 2015"]
[Site "Birmingham ENG"]
[Date "2015.02.01"]
[Round "4.2"]
[White "Turner, Matthew J"]
[Black "Horton, Andrew P"]
[Result "1/2-1/2"]
[WhiteTitle "GM"]
[WhiteElo "2485"]
[BlackElo "2151"]
[WhiteFideId "402893"]
[BlackFideId "424269"]
[EventDate "2015.01.30"]

1. c4 c5 2. g3 g6 3. Bg2 Bg7 4. Nc3 Nc6 5. Nf3 d6 6. O-O Bf5 7. a3 Qd7 8. b4
cxb4 9. axb4 Nxb4 10. Bb2 Nc6 11. Qb3 Nf6 12. Nd5 O-O 13. Nxf6+ Bxf6 14. Bxf6
exf6 15. Qb2 Kg7 16. d3 Rfe8 17. Rfb1 Re7 18. Nd4 Bh3 19. Bf3 Rae8 20. Nb5 Ne5
21. Bd5 a6 22. Nc3 Nc6 23. Qxb7 Qxb7 24. Rxb7 Rxb7 25. Bxc6 Rb3 26. Bxe8 Rxc3
27. f3 Bc8 28. Rb1 Kf8 29. Bc6 Ke7 30. Bd5 f5 31. Rb8 Be6 32. Rb7+ Kf6 33. Rb6
Bxd5 34. cxd5 Ke5 35. Rxa6 Kxd5 36. Kf2 Rc7 37. h3 h5 38. Ra2 Rb7 39. Ke3 Rb4
40. Ra8 h4 41. g4 f4+ 42. Kf2 Ke6 43. Re8+ Kf6 44. Re4 Rxe4 45. fxe4 Ke5 46. Kf3
g5 47. e3 fxe3 48. Kxe3 Kf6 49. d4 Ke7 50. Kd3 Kd7 51. Kc4 1/2-1/2

[Event "1st 4NCL FIDE Open 2015"]
[Site "Birmingham ENG"]
[Date "2015.02.01"]
[Round "4.3"]
[White "Jackson, James P"]
[Black "Merry, Alan B"]
[Result "1-0"]
[WhiteTitle "FM"]
[BlackTitle "FM"]
[WhiteElo "2313"]
[BlackElo "2349"]
[WhiteFideId "416860"]
[BlackFideId "418811"]
[EventDate "2015.01.30"]

1. e4 e6 2. d4 d5 3. Nc3 Bb4 4. e5 c5 5. a3 Bxc3+ 6. bxc3 Qc7 7. Qg4 f5 8. Qg3
Nc6 9. Be3 Kf7 10. Nf3 Nge7 11. Bd3 h6 12. h4 Bd7 13. h5 Na5 14. dxc5 b6 15. Nh4
Rac8 16. Ng6 Rhg8 17. Nxe7 Kxe7 18. c4 dxc4 19. cxb6 axb6 20. Be2 Nc6 21. Rd1
Qxe5 22. Qh4+ Qf6 23. Qxc4 Rb8 24. Bxb6 Rgc8 25. Bc5+ Ke8 26. O-O Na5 27. Qd4
Qxd4 28. Bxd4 Rxc2 29. Bd3 Ra2 30. Bxg7 Bc6 31. Ra1 Rxa1 32. Rxa1 Rd8 33. Bf1
Kf7 34. Bxh6 Rh8 35. Be3 Rxh5 36. Rb1 Bd5 37. Rb5 Nc6 38. a4 Rh4 39. f4 Rh8 40.
a5 Ra8 41. a6 Ke7 42. Bc5+ Kf6 43. Rb6 Be4 44. Rb3 Ne7 45. a7 Nd5 46. g3 Ne7 47.
Rb8 1-0

[Event "1st 4NCL FIDE Open 2015"]
[Site "Birmingham ENG"]
[Date "2015.02.01"]
[Round "4.4"]
[White "Sarakauskas, Gediminas"]
[Black "Gormally, Daniel W"]
[Result "1/2-1/2"]
[WhiteTitle "IM"]
[BlackTitle "GM"]
[WhiteElo "2396"]
[BlackElo "2497"]
[WhiteFideId "12800724"]
[BlackFideId "406465"]
[EventDate "2015.01.30"]

1. e4 c5 2. Nf3 d6 3. Bb5+ Nd7 4. d4 Nf6 5. O-O a6 6. Bxd7+ Nxd7 7. Nc3 cxd4 8.
Qxd4 e5 9. Qd3 h6 10. Be3 Nf6 11. Nd2 b5 12. a4 b4 13. Nd5 Nxd5 14. Qxd5 Be6 15.
Qc6+ Bd7 16. Qd5 Be6 17. Qc6+ Bd7 18. Qd5 Be6 1/2-1/2

[Event "1st 4NCL FIDE Open 2015"]
[Site "Birmingham ENG"]
[Date "2015.02.01"]
[Round "4.5"]
[White "Mason, Donald J"]
[Black "Hebden, Mark L"]
[Result "0-1"]
[BlackTitle "GM"]
[WhiteElo "2138"]
[BlackElo "2498"]
[WhiteFideId "405116"]
[BlackFideId "400084"]
[EventDate "2015.01.30"]

1. d4 Nf6 2. c4 g6 3. Nc3 Bg7 4. e4 d6 5. Be2 O-O 6. Be3 c5 7. d5 e6 8. Nf3 exd5
9. exd5 Bf5 10. O-O Ne4 11. Nxe4 Bxe4 12. Bd3 Bxf3 13. Qxf3 Nd7 14. Qg3 Re8 15.
Rab1 Ne5 16. Be2 Qa5 17. a3 Qa4 18. Rfc1 b6 19. Bd2 f5 20. Bc3 Re7 21. f4 Nd7
22. Bxg7 Kxg7 23. Qc3+ Nf6 24. Bf3 Rae8 25. Re1 Kf7 26. Rxe7+ Rxe7 27. Re1 Qe8
28. Rxe7+ Qxe7 29. Kf2 Ne8 30. g3 Ng7 31. h4 h6 32. Qe3 Qf6 33. Qc3 Qd8 34. Qe3
Qd7 35. b3 Qd8 36. Kg2 Qf6 37. a4 Qb2+ 38. Kh3 h5 39. Be2 Kf8 40. Bf1 Qf6 41.
Bg2 Ne8 42. Bf3 Qf7 43. Kg2 Nf6 44. Kf1 Ne8 45. Qc3 Ke7 46. a5 bxa5 47. Qxa5 Kf8
48. b4 cxb4 49. Qxb4 Qc7 50. Bd1 Nf6 51. Qc3 Kf7 52. Be2 Nxd5 53. Qb3 Qb6 54.
Qa2 Ne3+ 55. Kg1 Qc5 56. Kh2 a5 57. Bd3 Ng4+ 58. Kg2 a4 0-1

[Event "1st 4NCL FIDE Open 2015"]
[Site "Birmingham ENG"]
[Date "2015.02.01"]
[Round "4.6"]
[White "Wells, Peter K"]
[Black "Abbas, Daniel"]
[Result "1/2-1/2"]
[WhiteTitle "GM"]
[WhiteElo "2457"]
[BlackElo "2095"]
[WhiteFideId "400327"]
[BlackFideId "423831"]
[EventDate "2015.01.30"]

1. d4 Nf6 2. c4 e6 3. Nf3 b6 4. g3 Ba6 5. b3 b5 6. cxb5 Bxb5 7. Bg2 d5 8. O-O
Nbd7 9. Ba3 Bxa3 10. Nxa3 Ba6 11. Rc1 Qe7 12. Nb1 Rc8 13. Rc2 c5 14. Qc1 O-O 15.
Qa3 Qd6 16. Nc3 Qb6 17. Rfc1 cxd4 18. Na4 Qb7 19. Nxd4 Rxc2 20. Rxc2 Rc8 21. Nc5
Rxc5 22. Rxc5 Nxc5 23. Qxc5 h6 24. e3 Bd3 25. h3 a6 26. b4 Ne8 27. Qc3 Bb5 28.
Nb3 Nd6 29. Nc5 Qc6 30. Qd4 1/2-1/2

[Event "1st 4NCL FIDE Open 2015"]
[Site "Birmingham ENG"]
[Date "2015.02.01"]
[Round "4.7"]
[White "Sowray, Peter J"]
[Black "Jones, Steven A"]
[Result "1-0"]
[WhiteTitle "FM"]
[WhiteElo "2308"]
[BlackElo "2079"]
[WhiteFideId "400971"]
[BlackFideId "419630"]
[EventDate "2015.01.30"]

1. d4 f5 2. Bg5 h6 3. Bh4 g5 4. e4 Bg7 5. Bg3 fxe4 6. Nc3 d5 7. f3 Nf6 8. fxe4
dxe4 9. Bc4 Bf5 10. Nge2 c6 11. Qd2 Nbd7 12. O-O-O Nb6 13. Bb3 Nbd5 14. Be5 e6
15. Ng3 Qd7 16. Na4 Ng4 17. Nc5 Qe7 18. Bxg7 Qxg7 19. Ncxe4 O-O-O 20. Nc5 Qg6
21. h3 Ngf6 22. Rhe1 Rhe8 23. Re5 b6 24. Na4 Nd7 25. Re2 Nf4 26. Re3 Kc7 27. Nc3
Nc5 28. Bc4 e5 29. Nxf5 Qxf5 30. d5 b5 31. d6+ Kb6 32. Bf1 Re6 33. b4 Nb7 34.
Ne4 Nxd6 35. Nc5 Nb7 36. Qe1 Rxd1+ 37. Qxd1 Rd6 38. Qe1 Nd5 39. Rf3 Nf4 40. g3
Nxc5 41. bxc5+ Kxc5 42. Qf2+ Kd5 43. gxf4 gxf4 44. Bd3 Qh5 45. Qg2 Kc5 46. Be4
Kb6 47. Kb2 Qf7 48. Rc3 Qe6 49. Qf2+ Kb7 50. Qc5 a6 51. a4 bxa4 52. Rc4 a3+ 53.
Kxa3 Qxh3+ 54. Kb2 Qd7 55. Rb4+ Kc8 56. Bf5 1-0

[Event "1st 4NCL FIDE Open 2015"]
[Site "Birmingham ENG"]
[Date "2015.02.01"]
[Round "4.8"]
[White "Roberts, Paul"]
[Black "Duncan, Patrick C M"]
[Result "1-0"]
[WhiteTitle "CM"]
[WhiteElo "2208"]
[BlackElo "2022"]
[WhiteFideId "2400600"]
[BlackFideId "405787"]
[EventDate "2015.01.30"]

1. Nf3 Nf6 2. c4 e6 3. g3 b6 4. Bg2 Bb7 5. d4 c5 6. d5 exd5 7. Nh4 g6 8. Nc3 Bg7
9. cxd5 d6 10. O-O O-O 11. e4 a6 12. a4 Nbd7 13. f4 Rb8 14. Re1 Ne8 15. Nf3 b5
16. axb5 axb5 17. Nxb5 Qb6 18. Nc3 Nc7 19. e5 dxe5 20. fxe5 c4+ 21. Kh1 Rfe8 22.
d6 Ne6 23. Nd5 Qb5 24. Ne7+ Kh8 25. Bf4 Qxb2 26. Qa4 Nec5 27. Qxc4 Nxe5 28. Bxe5
Bxe5 29. Ra2 Qc3 30. Qxc3 Bxc3 31. Rc1 Bb4 32. Ne5 Bxg2+ 33. Kxg2 Nb3 34. Rc7
Bxd6 35. Nxf7+ Kg7 36. Nxd6 1-0

[Event "1st 4NCL FIDE Open 2015"]
[Site "Birmingham ENG"]
[Date "2015.02.01"]
[Round "5.1"]
[White "Vakhidov, Jahongir"]
[Black "Jackson, James P"]
[Result "1-0"]
[WhiteTitle "GM"]
[BlackTitle "FM"]
[WhiteElo "2494"]
[BlackElo "2313"]
[WhiteFideId "14201801"]
[BlackFideId "416860"]
[EventDate "2015.01.30"]

1. d4 Nf6 2. c4 c5 3. Nf3 cxd4 4. Nxd4 e5 5. Nb5 d5 6. cxd5 Bc5 7. N5c3 O-O 8.
g3 Qb6 9. e3 e4 10. Nd2 Bf5 11. a3 Rd8 12. Bg2 Nxd5 13. Nxd5 Rxd5 14. Qa4 Nc6
15. O-O Rad8 16. Nxe4 Bf8 17. b4 Ne5 18. Bb2 Bd7 19. Qb3 Bb5 20. Bd4 Rxd4 21.
exd4 Bxf1 22. dxe5 Bxg2 23. Kxg2 Qd4 24. Ng5 Qd5+ 25. Qxd5 Rxd5 26. f4 a5 27.
Rc1 axb4 28. axb4 h6 29. Ne4 Rd4 30. Kf3 Rxb4 31. Rc8 Rb3+ 32. Kg2 g6 33. Nf6+
Kg7 34. Ne8+ Kg8 35. Rc7 Ba3 36. g4 b5 37. h4 Rb2+ 38. Kf3 Rb3+ 39. Ke2 Rb2+ 40.
Kd3 Rb3+ 41. Kc2 Rb2+ 42. Kc3 b4+ 43. Kd3 b3 44. Rc8 Bf8 45. Rb8 Rh2 46. Rxb3
Rh3+ 47. Kc4 Rxh4 48. Rb7 Ba3 49. Ra7 Rh3 50. Nd6 Rf3 51. Kd5 Bb4 52. Ke4 Re3+
53. Kd4 Rf3 54. Ke4 Re3+ 55. Kd5 Rf3 56. Ra8+ Kh7 57. Ne8 Bf8 58. Nd6 Kg8 59. f5
gxf5 60. gxf5 h5 61. f6 h4 62. Ra4 Rd3+ 63. Kc6 Bxd6 64. exd6 h3 65. d7 Kh7 66.
Rg4 h2 67. Rh4+ Kg6 68. Rxh2 Kxf6 69. Rh8 Ke5 70. d8=Q Rxd8 71. Rxd8 f5 72. Kc5
Ke4 73. Kc4 f4 74. Re8+ Kf3 75. Kd3 Kg2 76. Rf8 1-0

[Event "1st 4NCL FIDE Open 2015"]
[Site "Birmingham ENG"]
[Date "2015.02.01"]
[Round "5.2"]
[White "Hebden, Mark L"]
[Black "Sowray, Peter J"]
[Result "1-0"]
[WhiteTitle "GM"]
[BlackTitle "FM"]
[WhiteElo "2498"]
[BlackElo "2308"]
[WhiteFideId "400084"]
[BlackFideId "400971"]
[EventDate "2015.01.30"]

1. d4 d5 2. Nf3 Nf6 3. c4 e6 4. Bg5 Be7 5. Nc3 O-O 6. e3 Nbd7 7. Rc1 c6 8. Bd3
dxc4 9. Bxc4 Nd5 10. Bxe7 Qxe7 11. Ne4 N5f6 12. Ng3 e5 13. O-O exd4 14. Nf5 Qd8
15. N3xd4 Nb6 16. Bb3 Nbd5 17. e4 Ne7 18. Ng3 Qb6 19. e5 Nfd5 20. Re1 Ng6 21.
Bxd5 cxd5 22. Qd2 Bd7 23. b3 Rac8 24. Rxc8 Rxc8 25. f4 Ne7 26. Kh1 Nc6 27. Ndf5
Bxf5 28. Nxf5 Rd8 29. Nd6 d4 30. Rc1 a5 31. h3 Ra8 32. Qc2 h6 33. Qc4 Qc7 34.
Qxd4 Nxd4 35. Rxc7 a4 36. b4 a3 37. Rxf7 Ne2 38. e6 Nc3 39. Rxb7 1-0

[Event "1st 4NCL FIDE Open 2015"]
[Site "Birmingham ENG"]
[Date "2015.02.01"]
[Round "5.3"]
[White "Fodor, Tamas Jr."]
[Black "Turner, Matthew J"]
[Result "1/2-1/2"]
[WhiteTitle "GM"]
[BlackTitle "GM"]
[WhiteElo "2495"]
[BlackElo "2485"]
[WhiteFideId "723762"]
[BlackFideId "402893"]
[EventDate "2015.01.30"]

1. d4 Nf6 2. c4 e6 3. Nc3 Bb4 4. Qc2 O-O 5. e4 d6 6. e5 dxe5 7. dxe5 Ng4 8. Nf3
Nc6 9. Bf4 Nd4 10. Qd2 Nxf3+ 11. gxf3 Qxd2+ 12. Kxd2 Nh6 13. Bxh6 gxh6 14. Rg1+
Kh8 15. Bd3 Bd7 16. Be4 f5 17. exf6 Rxf6 18. Ke2 c6 19. Rad1 Rf7 20. Bc2 e5 21.
Ne4 Be6 22. c5 b6 23. Rd6 Bc4+ 24. Kd1 Bxc5 25. Rxh6 Bf8 26. Rxc6 Rd8+ 27. Kc1
Bxa2 28. Nc3 Rc7 29. Bb3 Bh6+ 30. Rxh6 Bxb3 31. Kb1 Rd2 32. Rf6 Bf7 33. f4 exf4
34. Rxf4 Bg6+ 35. Ka1 Rc5 36. Nb1 Re2 37. Rd1 Kg7 38. Na3 Kh6 39. Rd7 Kg5 40.
Rf3 b5 41. Rb7 a6 42. Rb6 Be4 43. Rg3+ Kf5 44. Rg1 Rxf2 45. h4 Kf4 46. Re1 Bc6
47. b4 Rc3 48. Rxa6 Kg4 49. Rg1+ Kh3 50. h5 Rf4 51. Nb1 Rc2 52. Na3 Rc3 53. Nb1 1/2-1/2

[Event "1st 4NCL FIDE Open 2015"]
[Site "Birmingham ENG"]
[Date "2015.02.01"]
[Round "5.4"]
[White "Horton, Andrew P"]
[Black "Sarakauskas, Gediminas"]
[Result "1/2-1/2"]
[BlackTitle "IM"]
[WhiteElo "2151"]
[BlackElo "2396"]
[WhiteFideId "424269"]
[BlackFideId "12800724"]
[EventDate "2015.01.30"]

1. Nf3 Nf6 2. c4 e6 3. g3 d5 4. Bg2 dxc4 5. Qa4+ Nbd7 6. Qxc4 a6 7. Qc2 c5 8. a4
b6 9. O-O Bb7 10. Nc3 Be7 11. d3 O-O 12. e4 Ng4 13. d4 cxd4 14. Nxd4 Rc8 15. Qe2
Nge5 16. Bf4 Qc7 17. Rfd1 Rfd8 18. Rac1 Qc4 19. Nd5 Qxe2 20. Nxe7+ Kf8 21. Nxe2
Kxe7 22. b4 Nc4 23. Rc2 e5 24. Bg5+ f6 25. Bc1 Nd6 26. Rxc8 Rxc8 27. f3 Rc2 28.
Rd2 Rxd2 29. Bxd2 Nc4 30. Bc1 a5 31. bxa5 Nxa5 32. Nc3 Nc5 33. Bf1 Bc6 34. Ba3
Nb3 35. Kf2 Kd7 36. Bc4 Na5 37. Bg8 h6 38. Ke3 Nab7 39. h4 Ke8 40. Bd5 Bxd5 41.
Nxd5 Nxa4 42. Kd3 Na5 43. Bd6 Nb7 44. Ba3 Na5 45. Bd6 Nc5+ 46. Kc3 Kd7 47. Bf8
Ne6 48. Bb4 Kc6 49. f4 Nb7 50. Kd3 Nbc5+ 51. Ke3 b5 52. Ne7+ Kd7 53. Nd5 h5 54.
f5 Ke8 55. fxe6 Nxe6 56. Bc3 Kf7 57. Bb2 g5 58. hxg5 Nxg5 59. Ba3 Kg6 60. Ne7+
Kf7 61. Nf5 Kg6 62. Bb4 Ne6 63. Bd2 Kg5 64. Kf3+ Kg6 65. Be3 b4 66. Nd6 b3 67.
Nc4 Ng5+ 68. Bxg5 Kxg5 69. Nb2 f5 70. exf5 Kxf5 71. Nc4 e4+ 72. Kf2 Kg4 73. Kg2
Kg5 74. Nd2 b2 75. Nxe4+ Kg4 76. Nd2 h4 1/2-1/2

[Event "1st 4NCL FIDE Open 2015"]
[Site "Birmingham ENG"]
[Date "2015.02.01"]
[Round "5.5"]
[White "Gormally, Daniel W"]
[Black "Sarakauskiene, Zivile"]
[Result "1-0"]
[WhiteTitle "GM"]
[BlackTitle "WIM"]
[WhiteElo "2497"]
[BlackElo "2144"]
[WhiteFideId "406465"]
[BlackFideId "12800864"]
[EventDate "2015.01.30"]

1. d4 d5 2. c4 dxc4 3. Nf3 Nf6 4. Nc3 a6 5. e4 b5 6. e5 Nd5 7. a4 Nxc3 8. bxc3
Bb7 9. e6 f6 10. Be2 Qd5 11. O-O Qxe6 12. Re1 g6 13. Nh4 Qd7 14. Bg4 f5 15. Bf3
c6 16. g4 Rg8 17. Ng2 Kf7 18. Qe2 h6 19. Nf4 g5 20. Ne6 Rg6 21. gxf5 Rf6 22. h4
Rxf5 23. Bg4 Rd5 24. Qf3+ 1-0

[Event "1st 4NCL FIDE Open 2015"]
[Site "Birmingham ENG"]
[Date "2015.02.01"]
[Round "5.6"]
[White "Stewart, Ashley"]
[Black "Wells, Peter K"]
[Result "0-1"]
[BlackTitle "GM"]
[WhiteElo "2084"]
[BlackElo "2457"]
[WhiteFideId "419001"]
[BlackFideId "400327"]
[EventDate "2015.01.30"]

1. d4 Nf6 2. c4 e6 3. Nf3 d5 4. Bg5 h6 5. Bxf6 Qxf6 6. Nc3 c6 7. e3 Nd7 8. Qc2
g6 9. Bd3 dxc4 10. Bxc4 Bg7 11. O-O Qe7 12. Rad1 O-O 13. a3 b6 14. Rfe1 Bb7 15.
e4 Rac8 16. Qe2 b5 17. Ba2 a6 18. e5 c5 19. d5 c4 20. Bb1 exd5 21. Nxd5 Bxd5 22.
Rxd5 Nc5 23. Red1 Rfd8 24. g3 Rxd5 25. Rxd5 Na4 26. Rd6 Nxb2 27. Rxa6 Na4 28. e6
Nc3 29. Qc2 Rd8 30. Nd2 f5 31. a4 Ne2+ 32. Kf1 Nd4 33. Qc1 Qb7 0-1

[Event "1st 4NCL FIDE Open 2015"]
[Site "Birmingham ENG"]
[Date "2015.02.01"]
[Round "5.7"]
[White "Merry, Alan B"]
[Black "Wadsworth, Matthew J"]
[Result "1-0"]
[WhiteTitle "FM"]
[WhiteElo "2349"]
[BlackElo "2064"]
[WhiteFideId "418811"]
[BlackFideId "415804"]
[EventDate "2015.01.30"]

1. b3 e5 2. Bb2 Nc6 3. e3 Nf6 4. Bb5 Bd6 5. Ne2 a6 6. Bxc6 dxc6 7. d3 Qe7 8.
Nbc3 Nd5 9. Qd2 Nxc3 10. Bxc3 O-O 11. e4 f5 12. exf5 Bxf5 13. O-O e4 14. dxe4
Bxe4 15. Rae1 Rad8 16. Qc1 Qh4 17. Ng3 Bg6 18. Bb2 Rd7 19. Rd1 Rdf7 20. Rd4 Rf4
21. Rxf4 Bxf4 22. Qe1 Re8 23. Qd1 Bd6 24. Re1 Rxe1+ 25. Qxe1 Qe7 26. Qc3 h6 27.
h3 Kh7 28. Qd2 Bb4 29. c3 Qd6 30. Qe2 Bc5 31. Nf1 Qd3 32. Qxd3 Bxd3 33. Bc1 a5
34. Be3 Bd6 35. Nd2 Kg6 36. f3 Be5 37. Bd4 Bf4 38. Nc4 Bxc4 39. bxc4 Bd2 40. Kf2
Kf7 41. Ke2 Bf4 42. a4 g6 43. Kd3 Ke6 44. g4 b6 45. Ke4 Bd6 46. f4 h5 47. gxh5
gxh5 48. f5+ Kd7 49. c5 bxc5 50. Bg7 c4 51. Kd4 Ke7 52. Kxc4 Kf7 53. Bh8 Kg8 54.
Bf6 Kf7 55. Bd8 Ke8 56. Bg5 Kf7 57. Kd4 Bg3 58. Kc5 Be1 59. c4 Bb4+ 60. Kxc6 Bd6
61. Bd8 1-0

[Event "1st 4NCL FIDE Open 2015"]
[Site "Birmingham ENG"]
[Date "2015.02.01"]
[Round "5.8"]
[White "Abbas, Daniel"]
[Black "Roberts, Paul"]
[Result "1/2-1/2"]
[BlackTitle "CM"]
[WhiteElo "2095"]
[BlackElo "2208"]
[WhiteFideId "423831"]
[BlackFideId "2400600"]
[EventDate "2015.01.30"]

1. e4 d5 2. exd5 Qxd5 3. Nc3 Qd6 4. d4 Nf6 5. Nf3 Bg4 6. h3 Bh5 7. Bc4 e6 8. Qe2
c6 9. Be3 Bxf3 10. Qxf3 Nbd7 11. O-O Be7 12. Rad1 O-O 13. a3 Nb6 14. Bd3 Nbd5
15. Ne4 Nxe4 16. Bxe4 f5 17. Bxd5 exd5 18. Bf4 Qd7 19. Rfe1 Bf6 20. Be5 Rae8 21.
Bxf6 Rxf6 22. Re5 Rff8 23. Rde1 Rxe5 24. Rxe5 g6 25. Qf4 a6 26. h4 Re8 27. h5
Rxe5 28. dxe5 Qe7 29. hxg6 hxg6 30. e6 Qxe6 31. Qb8+ Kh7 32. Qxb7+ Kh6 33. Qxa6
Qe1+ 34. Qf1 Qd2 35. Qd3 Qe1+ 36. Qf1 Qd2 37. Qb1 c5 38. b3 d4 39. a4 g5 40. Kf1 1/2-1/2